000 00531nam a22001457a 4500
008 160526b xxu||||| |||| 00| 0 eng d
082 _22007
_aUT 0076
_bC89
100 _99176
_aCubio, Jon Edward S.
245 _aWaste disposal and perception on health condition in Purok Duranta, Digos City/
_cJon Edward S. Cubio and Marjerie P. Jabilles.
260 _aDigos City:
_bUMDC
_cOctober 2007.
300 _a42 pages;
_c28 cm.
650 0 _99173
_aNursing
_xUndergraduate thesis.
700 _99172
_aJabilles, Marjerie P.
942 _2ddc
_cUT
999 _c2771
_d2771